Movies Quiz

Random Movies or Clickable Quiz

Follow That Line: The Princess Bride Quiz Stats

 Plays Quiz Updated Aug 2, 2017

Support Sporcle.
Go Orange.
Score 0/30 Timer 08:00
6 Plays Today
% Correct
You killed my father. Prepare to die.
92.6%
Slime. Muck. Boo. Boo. Boo.
90.6%
You seem a decent fellow... I hate to die.
88%
I'm your wife.
85.5%
You mean you wish to surrender to me? Very well, I accept.
85.1%
I don't think they exist.
84.8%
It would be a pity to damage yours.
84.2%
Then there will be no one to hear you scream.
83.4%
When death is on the line! Ha ha ha...
82.7%
You keep using that word. I do not think it means what you think it means.
82.5%
Do you always begin conversations this way?
81.2%
All it can do is delay it for a while.
81.1%
I'm swamped.
81%
I am not left-handed.
80.2%
Throw me the rope.
79.5%
% Correct
No. To the pain.
79%
Don't worry, I won't let it go to my head.
79%
Anybody want a peanut?
77.5%
The end.
76.5%
Inconceivable!
76.4%
Will echo in your perfect ears.
76.3%
I'll most likely kill you in the morning.
76.1%
Stop saying that!
73.8%
Anyone who says differently is selling something.
73.2%
As... you... wish!
72.8%
You warthog faced buffoon.
70%
That does put a damper on our relationship.
69.9%
Wait till I get going!
65.4%
Oh, you mean *this* gate key.
59.1%
I died that day!
54.5%

From the Vault

NFL 2013 Season Stat Leaders Week 13

by SporcleEXP

Sports 5m
'Football is like life - it requires perseverance, self-denial, hard work, sacrifice, dedication and respect for authority.' --Vince Lombardi
Remove Ads.
Support Sporcle.
Get the best of Sporcle when you Go Orange. This ad-free experience offers more features, more stats, and more fun while also helping to support Sporcle. Thank you for becoming a member.

Show Comments

Extras

Top Quizzes Today


Score Distribution

Your Account Isn't Verified!

In order to create a playlist on Sporcle, you need to verify the email address you used during registration. Go to your Sporcle Settings to finish the process.

Report this User

Report this user for behavior that violates our Community Guidelines.

Details: